| 000 | 01059cam a2200253 4500 | ||
|---|---|---|---|
| 001 | ABS62558 | ||
| 008 | 000000n2000 000 0 eng u | ||
| 035 | _a(Sirsi) u107318 | ||
| 100 | _aBingham, T. | ||
| 245 | _aMaking up the rules | ||
| 260 | _c2000 | ||
| 490 |
_aBuilding _v265(8139) 2 June 2000, 51(1) |
||
| 520 | _aDiscusses what adjudicators should do if they find themselves having to decide whether they have the power to make a decision. | ||
| 590 | _aABS | ||
| 650 | _aMANAGEMENT-DISPUTE AVOIDANCE, MANAGEMENT AND RESOLUTION-DISPUTE MANAGEMENT AND RESOLUTION-ALTERNATIVE DISPUTE RESOLUTION-ADJUDICATION-ADJUDICATORS | ||
| 650 | _aINTERIM PAYMENTS | ||
| 650 | _aJURISDICTION | ||
| 650 | _aBUILT ENVIRONMENT-BUILDING CONTRACT FORMS | ||
| 650 | _aMANAGEMENT-DISPUTE AVOIDANCE, MANAGEMENT AND RESOLUTION-DISPUTE MANAGEMENT AND RESOLUTION-ALTERNATIVE DISPUTE RESOLUTION-ADJUDICATION | ||
| 650 | _aTIM BUTLER CONTRACTORS LTD V MEREWOOD HOMES LTD | ||
| 650 | _aPOWER | ||
| 690 | _aBUILT ENVIRONMENT-BUILDING CONTRACT FORMS | ||
| 942 | _n0 | ||
| 999 |
_c64164 _d64164 |
||